State and ethnicity in China's Southwest (Record no. 130201)
[ view plain ]
| 000 -LEADER | |
|---|---|
| fixed length control field | 01790nam a2200433 a 4500 |
| 082 04 - DEWEY DECIMAL CLASSIFICATION NUMBER | |
| Classification number | 305.800951/35 |
| 100 1# - MAIN ENTRY--AUTHOR NAME | |
| Personal name | Guo, Xiaolin. |
| 245 10 - TITLE STATEMENT | |
| Title | State and ethnicity in China's Southwest |
| 260 ## - PUBLICATION, DISTRIBUTION, ETC. (IMPRINT) | |
| Place of publication | Leiden ; |
| -- | Boston : |
| Name of publisher | Brill, |
| Year of publication | 2008. |
| 300 ## - PHYSICAL DESCRIPTION | |
| Number of Pages | viii, 346 p. : |
| Other physical details | ill., maps. |
| 490 1# - SERIES STATEMENT | |
| Series statement | China studies, |
| 650 #0 - SUBJECT ADDED ENTRY--TOPICAL TERM | |
| Topical Term | Ethnicity |
| Topical Term | Matrilineal kinship |
| Topical Term | Patrilineal kinship |
| Topical Term | Human ecology |
| Topical Term | Politics and culture |
| 856 40 - ELECTRONIC LOCATION AND ACCESS | |
| Uniform Resource Identifier | http://site.ebrary.com/lib/rucke/Doc?id=10461275 |
No items available.
